Sports Quiz

Random Sports Quiz
Score 0/10 Timer 03:00
0 Plays Today
Intitulé Réponse % Correct
Grâce à son triplé, Liverpool s’est joué de BournemouthMohamed Salah
99.2%
Il a inscrit deux buts sur coup franc dans le derby de BarceloneLionel Messi
99.1%
Score Chelsea - Manchester City2-0
95.4%
Son penalty dans les arrêts de jeu a permis à Lille de gratter un point contre ReimsNicolas Pépé
90.1%
Il a offert la victoire au Real Madrid sur la pelouse de HuescaGareth Bale
86.2%
Unique buteur de Juventus-Inter MilanMario Mandzukic
84.6%
Il a profité de la réception de Nuremberg pour claquer un doublé avec le BayernRobert Lewandowski
80.7%
Un but et une passe décisive pour lui avec Tottenham sur la pelouse de LeicesterHeung-min Son
72%
Il a permis au Borussia Dortmund de remporter le derby de la RuhrJadon Sancho
64.3%
C’est un doublé pour lui avec le Napoli face à FrosinoneArkadiusz Milik
56.2%
Come Together.
Have Fun.
All Virtual.
We all need to come together. Play Sporcle's virtual live trivia to have fun, connect with people, and get your trivia on. Join a live hosted trivia game for your favorite pub trivia experience done virtually. If a virtual private party is more your thing, go here for details.

You're not logged in!

Compare scores with friends on all Sporcle quizzes.
OR
Log In

Sporcle TV

Today on Sporcle TV


Watch our educational content, quiz creation guides, and fun videos on Sporcle TV.

Show Comments

Extras

Created Dec 9, 2018ReportNominate
Tags:amateur, mode

Top Quizzes Today


Score Distribution

Paid Content

Your Account Isn't Verified!

In order to create a playlist on Sporcle, you need to verify the email address you used during registration. Go to your Sporcle Settings to finish the process.

Report this User

Report this user for behavior that violates our Community Guidelines.

Details: